| 000 | 01293cam a2200373 a 4500 | ||
|---|---|---|---|
| 999 |
_c10427 _d10427 |
||
| 001 | 11972520 | ||
| 003 | OSt | ||
| 005 | 20200103095314.0 | ||
| 008 | 991111s1999 ii 100 0 eng | ||
| 010 | _a 99939181 | ||
| 020 | _a0195652274 | ||
| 020 | _a9780195652277 | ||
| 025 | _aI-E-99-939181; 579-01 | ||
| 035 | _a(DLC) 99939181 | ||
| 037 |
_bLibrary of Congress -- New Delhi Field Office _cRs45.00 |
||
| 040 |
_aDLC _coclc _dDLC |
||
| 042 | _alcode | ||
| 050 | 0 | 0 |
_aHM753 _b.S46 1999 |
| 082 | 0 | 0 |
_a171.9 _221 _bSEN/R |
| 100 | 1 |
_aSen, Amartya, _d1933- _9639 |
|
| 245 | 1 | 0 |
_aReason Before Identity / _cAmartya Sen. |
| 250 | _aIndian ed. | ||
| 260 |
_aNew Delhi ; _aNew York : _bOxford University Press, _c1999. |
||
| 300 |
_a31 p. _c23 cm. |
||
| 490 | 1 | _aRomanes lecture for 1998 | |
| 500 | _a"Delivered before the University of Oxford on 17 November 1998." | ||
| 500 | _a"Oxford India paperbacks"--Cover. | ||
| 650 | 0 |
_aIdentity (Psychology) _xSocial aspects _vCongresses. |
|
| 650 | 0 |
_aGroup identity _vCongresses. |
|
| 830 | 0 |
_aRomanes lecture ; _v1998. |
|
| 906 |
_a7 _bcbc _corigode _d3 _encip _f19 _gy-gencatlg |
||
| 942 |
_2ddc _cBK _h171.9 _iSEN/R _k171.9 _mSEN/R |
||